Statistics for Districts of Seychelles on a Map

Click here to take the quiz!

General Stats

  • This quiz has been taken 369 times
    (358 since last reset)
  • The average score is 15 of 28

Answers on the Map

Answers color-coded by a green-red scale on the quiz's map according to % correct below.
 

Answer Stats

District% Correct
Outer Islands
73%
La Digue and Inner Islands
71%
Grand'Anse
70%
English River
63%
Bel Air
61%
Cascade
61%
Anse Royale
59%
Au Cap
57%
Anse Etoile
54%
Glacis
54%
Baie Sainte Anne
53%
Les Mamelles
53%
Saint Louis
53%
Anse Boileau
51%
Grand'Anse Praslin
51%
Roche Caïman
51%
Bel Ombre
50%
Mont Buxton
50%
Mont Fleuri
50%
Plaisance
50%
Port Glaud
50%
Takamaka
50%
Baie Lazare
49%
Beau Vallon
49%
Ile Perseverance I
49%
Ile Perseverance II
49%
Anse aux Pins
47%
Pointe La Rue
44%

Score Distribution

Percentile by Number Answered

Percent of People with Each Score

Your Score History

You have not taken this quiz since the last reset